00631 2200229 4500001002100000005001500021035002000036007000300056008004100059020001500100082001100115084001700126100001400143245009000157250001000247260004000257300004400297700001700341504002500358990000800383990001000391INLIS00000000000762820210323032310 a0010-0321000998ta210323 g | ind  a9793084480 a639.31 a639.31 KHA k0 aKHAIRUMAN1 aKiat Mengatasi Permasalahan Praktis Budi Daya Lele Dumbo Secara Intensif /cKhairuman aCet.1 aJakarta :bAgroMedia Pustaka,c2002 aviii, 84 hlm :b.ilus ;c15,5 x 23,5 cm0 aKhairul Amri aBibliografi : Hal 81 a527 a527 a